[Event "CZE-ch U18 Girls/sf U18"]
[Site "Czech Republic"]
[Date "2008.??.??"]
[Round "8"]
[White "Jonas, Vaclav"]
[Black "Odstrcil, Jan"]
[Result "1-0"]
[WhiteElo "1987"]
[BlackElo "1926"]
[PlyCount "31"]
[EventDate "2008.??.??"]
[EventType "swiss"]
[EventRounds "9"]
[EventCountry "CZE"]
[SourceTitle "EXT 2011"]
[Source "ChessBase"]
[SourceDate "2010.11.26"]
[SourceVersion "1"]
[SourceVersionDate "2010.11.26"]
[SourceQuality "1"]

1. e4 e5 2. Nf3 Nf6 3. Bc4 Nc6 4. d4 exd4 5. 0-0 d5 6. exd5 Nxd5 7. Re1+ Be7 8. Nxd4 0-0 9. Bxd5 Qxd5 10. Nxc6 Qxd1 11. Nxe7+ Kh8 12. Rxd1 Be6 13. Nd5 Rfe8 14. Nxc7 Red8 15. Nc3 Rxd1+ 16. Nxd1 1-0

[Event "CZE-ch U18 Girls/sf U18"]
[Site "Czech Republic"]
[Date "2008.??.??"]
[Round "1"]
[White "Senkyr, Martin"]
[Black "Odstrcil, Jan"]
[Result "1-0"]
[WhiteElo "2169"]
[BlackElo "1926"]
[PlyCount "27"]
[EventDate "2008.??.??"]
[EventType "swiss"]
[EventRounds "9"]
[EventCountry "CZE"]
[SourceTitle "EXT 2011"]
[Source "ChessBase"]
[SourceDate "2010.11.26"]
[SourceVersion "1"]
[SourceVersionDate "2010.11.26"]
[SourceQuality "1"]

1. e4 e5 2. Nf3 Nc6 3. Bb5 a6 4. Ba4 Bc5 5. 0-0 b5 6. Bb3 d6 7. c3 Nge7 8. d4 exd4 9. cxd4 Ba7 10. Ng5 d5 11. exd5 Nxd5 12. Nxf7 Qd7 13. Nxh8 Nxd4 14. Qh5+ 1-0